Ecuador all time starting xi - Statistics

General Stats
  • This quiz has been taken 23 times
  • The average score is 4 of 11
Answer Stats
Hint Answer % Correct
DF(2004-2019 Antonio Valencia
95%
FW(2012- Enner Valencia
95%
MF(2020- Moisés Caicedo
79%
FW(2005-2017 Felipe Caicedo
32%
FW(1994-2010 Agustín Delgado
21%
MF2003-2016 Segundo Castillo
21%
DF(1992-2014 Iván Hurtado
16%
MF(1987-2004 Álex Aguinaga
11%
GK(1994-2010 José Cevallos
11%
DF(2001-2017 Walter Ayoví
11%
DF(1995-2010 Ulises de la Cruz
5%
No matching quizzes found
Score Distribution
Percent of People with Each Score
Percentile by Number Answered
Your Score History
You have not taken this quiz